000 01129nam a2200301 b 4500
001 00000000119567
003 OSt
005 20140607213003.0
008 071023s2005 mex spa
020 _a978-970-10-4921-1
040 _aBP-SG
_cBMC
082 _a612.6
100 1 _aPapalia, Diane E.
_98167
245 1 0 _aDesarrollo humano
_cDiane E. Papalia, Sally Wendkos Olds, Ruth Duskin Feldman ; en consulta con Dana Gross ; traducción de María Elena Ortiz Salinas ; revisión técnica, José Saúl Hernández López y Miguel Ángel López Carrasco
250 _a9ª ed
260 _aMéxico, D.F. [etc.]
_bMcGraw-Hill
_ccop. 2005
300 _aXXX, 785, [43] p.
_bil.
_c27 cm
500 _aIncluye índice
594 _1Traducción de la 9ª ed. en inglés de: Human development
650 2 4 _98157
_aCrecimiento humano
700 1 _98168
_aOlds, Sally Wendkos
700 1 _98169
_aFeldman, Ruth Duskin
700 1 _98170
_aGross, Dana
700 1 _98165
_aHernández López, José Saúl
700 1 _97091
_aOrtiz Salinas, María Elena
700 1 _98166
_aLópez Carrasco, Miguel Ángel
942 _2ddc
_cBK
999 _c3559
_d3559